000 01319nam a2200229Ia 4500
003 Ost
005 20260507075154.0
008 260507s9999||||xx |||||||||||||| ||und||
020 _a2481169957
040 _cfsecg
041 _aara
082 _a330
100 _aالنعيمي، سحر رشيد
_eمؤلف
245 0 _aتحديد المسؤولية بتكوين شركة أو الاشتراك فيها :
_bدراسة تحليلية مقارنة /
_c سحر رشيد النعيمي
260 _aعمان:
_bدار الثقافة,
_c2009
300 _a238 صفحة؛
_bإيضاحات ؛
_c24 سم
504 _aمراجع ص.229
520 _aخيارات تحديد مسؤولية العضو في الشركة المنسجمة ، خيارات المسؤولية الخطرة على حقوق المستثمرين و الدائنين و الصالح العام ، الحلول القانونية الواجب اتباعها للتوفيق بين خيارات تحديد المسؤولية و المبادئ القاوننية العامة في المسؤولية ، الوسائل القانونية الممكنة لمواجهة المخاطر الناجمة عن بعض خيارات تحديد المسؤولية
653 _aالشركات
653 _aالقانون التجاري
942 _cكتاب
999 _c43359
_d43359